Cities of Polk County, Iowa - Statistics

General Stats
  • This quiz has been taken 13 times
  • The average score is 12 of 20
Answer Stats
Cities % Correct
1 Des Moines
100%
2 Ankeny
91%
5 Johnston
91%
3 West Des Moines
91%
6 Altoona
82%
7 Clive
73%
8 Grimes
73%
11 Polk City
73%
4 Urbandale
73%
9 Pleasant Hill
64%
10 Bondurant
55%
20 Norwalk
55%
14 Elkhart
45%
17 Granger
45%
16 Alleman
36%
13 Mitchellville
36%
15 Runnells
27%
19 Carlisle
18%
18 Sheldahl
18%
12 Windsor Heights
18%
No matching quizzes found
Score Distribution
Percent of People with Each Score
Percentile by Number Answered
Your Score History
You have not taken this quiz